|
|
|
|
| LEADER |
01027nam a2200241 a 4500 |
| 001 |
3669894 |
| 008 |
090910s1972 caua b 000 0 eng d |
| 010 |
|
|
|a 77189630
|
| 020 |
|
|
|a 0822434768
|
| 040 |
|
|
|a DLC
|c DLC
|d DLC
|
| 082 |
0 |
0 |
|a 371.1/02
|2 17
|
| 100 |
1 |
|
|a Mager, Robert Frank,
|d 1923-
|
| 245 |
1 |
0 |
|a Goal analysis /
|c Robert F. Mager.
|
| 260 |
|
|
|a Belmont, Calif.,
|b Fearon Publishers
|c 1972
|
| 300 |
|
|
|a vi, 136 p.
|b illus.
|c 22 cm.
|
| 504 |
|
|
|a Includes Bibliography (p. 133)
|
| 541 |
1 |
|
|e 00005113
|
| 650 |
|
0 |
|a Goal (Psychology)
|
| 650 |
|
0 |
|a Motivation (Psychology)
|
| 852 |
4 |
|
|a Ayesha Abed Library
|j General shelf
|
| 999 |
|
|
|c 4148
|d 4148
|
| 952 |
|
|
|0 0
|1 0
|2 ddc
|4 0
|6 371_102000000000000_MAG_1972
|7 0
|9 3817
|a BRACUL
|b BRACUL
|c GEN
|d 2009-10-03
|g 282.00
|l 0
|o 371.102 MAG
|p 3010005113
|r 2009-10-03
|t 1
|v 564.00
|w 2009-10-03
|y BK
|
| 952 |
|
|
|0 0
|1 0
|2 ddc
|4 0
|6 371_102000000000000_MAG_1972
|7 0
|9 9691
|a BRACUL
|b BRACUL
|c GEN
|d 2010-05-03
|g 0.00
|l 1
|m 20
|o 371.102 MAG
|p 3010005145
|q 2026-02-24
|r 2025-07-10
|s 2025-07-10
|t 2
|w 2010-05-03
|y BK
|z Not price in Register
|